DAMN. - Kendrick Lamar - Statistics

General Stats
  • This quiz has been taken 76 times
  • The average score is 13 of 14
Answer Stats
Songs Plays Artists % Correct
HUMBLE. 2,741,653,832 Kendrick Lamar
98%
DUCKWORTH. 342,512,123 Kendrick Lamar
97%
LOVE. 1,722,094,540 Kendrick Lamar, Zacari
95%
DNA. 1,384,712,588 Kendrick Lamar
93%
BLOOD. 147,541,662 Kendrick Lamar
91%
LUST. 214,211,605 Kendrick Lamar
91%
XXX. 315,744,253 Kendrick Lamar, U2
91%
LOYALTY. 820,109,117 Kendrick Lamar, Rihanna
90%
PRIDE. 1,067,016,871 Kendrick Lamar
90%
ELEMENT. 505,673,564 Kendrick Lamar
86%
GOD. 173,350,414 Kendrick Lamar
86%
YAH. 239,436,262 Kendrick Lamar
84%
FEAR. 225,983,406 Kendrick Lamar
83%
FEEL. 248,176,888 Kendrick Lamar
76%
No matching quizzes found
Score Distribution
Percent of People with Each Score
Percentile by Number Answered
Your Score History
You have not taken this quiz